| 000 | 01898cam a2200457 i 4500 | ||
|---|---|---|---|
| 001 | 2807 | ||
| 003 | KOSZ 005 | ||
| 005 | 20220818130847.0 | ||
| 008 | 220818s1986 pl a f f 000 0 pol | ||
| 015 | _aPB 1986/3608 | ||
| 020 | _a8321332943 | ||
| 020 | _a8321332951 | ||
| 040 |
_aWA N _cWA N _dKOSZ 005/HR _dKOSZ 005/RW |
||
| 046 | _k1986 | ||
| 080 | _a624.014 | ||
| 080 | _a(075.8) | ||
| 100 | 1 |
_aŁubiński, Mieczysław _d(1921-2004) _eAutor |
|
| 245 | 1 | 0 |
_aKonstrukcje metalowe. _nCz. 1, _pPodstawy projektowania / _cMieczysław Łubiński, Andrzej Filipowicz, Wojciech Żółtowski ; [recenzent prof. dr inż.Jerzy Ziółko]. |
| 250 | _aWydanie I. | ||
| 260 |
_aWarszawa : _b"Arkady", _c1986. |
||
| 300 |
_a517, [2] stron : _bfotografie, rysunki, wykresy ; _c25 cm. |
||
| 336 |
_aTekst _btxt _2rdacontent |
||
| 337 |
_aBez urządzenia pośredniczącego _bn _2rdamedia |
||
| 338 |
_aWolumin _bnc _2rdacarrier |
||
| 380 | _aKsiążki | ||
| 380 | _aPublikacje dydaktyczne | ||
| 385 |
_mPoziom nauczania _aSzkoły wyższe |
||
| 388 | 1 | _a1901-2000 | |
| 388 | 1 | _a1945-1989 | |
| 504 | _aBibliografia na stronach 513-516 i wykaz norm na stronach 516-[518]. | ||
| 521 | 8 | _aKsiążka przeznaczona jest przede wszystkim dla studentów wydziałów budowlanych wyższych uczelni, może być też wykorzystana przez inżynierów zajmujących się projektowaniem konstrukcji metalowych. | |
| 650 | 7 | _aKonstrukcje metalowe | |
| 655 | 7 | _aPodręczniki akademickie | |
| 658 | _aArchitektura i budownictwo | ||
| 700 | 1 |
_aFilipowicz, Andrzej _d(1938- ) _eAutor |
|
| 700 | 1 |
_aŻółtowski, Wojciech _d(1936-2015) _eAutor |
|
| 700 | 1 |
_aZiółko, Jerzy _d(1934-2020) _eRecenzja |
|
| 710 | 2 |
_aWydawnictwo Arkady _4pbl |
|
| 856 |
_uhttp://koha.tu.koszalin.pl/cgi-bin/koha/opac-detail.pl?biblionumber=2807 _yKatalog online BPK |
||
| 942 |
_2UKD _cKS |
||
| 999 |
_c2807 _d2807 |
||